000 00902nam a22002537a 4500
005 20230421120420.0
008 230314b sp ||||| |||| 00| 0 spa d
020 _a8432929158 (V.22)
020 _a8432929514 (V.24)
020 _a8432929387 (V.27)
050 0 4 _aTH9
_bE53 1991
245 0 0 _aEnciclopedia de la construcción
_c/ Federico Ulsamer....[et al].
250 _a21a ed.
260 _aBarcelona, España :
_bEdiciones Ceac,
_c1991.
300 _av. :
_bil. ;
_c22 cm.
490 0 _aMonografías Ceac de la construcción.
500 _aIncluye índice.
505 1 _tV.22 Complementos de chalet
_r/ Federico Ulsamer.
_tV.24 Encofrados.
_r/ José Griñán.
_tV.27 Hormigón pretensado.
_rMiguel Payá.
650 7 _2lemb
_aConstrucción
_vEnciclopedias
700 1 _aUlsamer, Federico,
_eautor
700 1 _aGriñán, José,
_eautor
700 1 _aPayá, Miguel,
_eautor
942 _2lcc
_cLIB
999 _c166623
_d166621